Szczegóły MARC21

Aspekte der Kinder- und Jugendliteratur : Genres, Formen und Funktionen, Autoren /

005 -DATA I CZAS OSTATNIEJ MODYFIKACJI [,]
    • @
    • pole kontrolne
    • 20070614084626.0
020 -Międzynarod. znormalizowany nr książki - ISBN [ , ]
    • a
    • Numer ISBN
    • 3631506449 Find
040 -Instytucja sporządzająca opis [ , ]
    • a
    • Instytucja, która sporządziła opis (NP)
    • SZCZ U/JŚ
041 -Język dokumentu [0, ]
    • a
    • Język tekstu (P)
    • niemiecki
044 -Kraj miejsca wydania [ , ]
    • a
    • Kraj miejsca wydania
    • Niemcy
942 -Rodzaj dokumentu [ , ]
    • c
    • Rodzaj dokumentu
    • Książka
100 -Hasło główne - nazwa osobowa [1, ]
    • a
    • Nazwa osobowa (NP)
    • Haas, Gerhard
    • d
    • Daty biograficzne (NP)
    • (1929-)
245 -Strefa tytułu i oznaczenia odpowiedzialności [1,0]
    • a
    • Tytuł
    • Aspekte der Kinder- und Jugendliteratur : Find
    • b
    • Ciąg dalszy tytułu (NP)
    • Genres, Formen und Funktionen, Autoren / Find
    • c
    • Pozostałe elementy strefy tytułu i oznaczenia odpowiedzialności (NP)
    • Gerhard Haas.
260 -Strefa adresu wydawniczego [ , ]
    • a
    • Miejsce wydania (P)
    • Frankfurt am Main :
    • b
    • Nazwa wydawcy (P)
    • Peter Lang,
    • c
    • Data wydania (P)
    • 2003.
300 -Strefa opisu fizycznego [ , ]
    • a
    • Określenie formy książki i/lub objętość (NP)
    • 251 s. ;
    • c
    • Format (NP)
    • 21 cm.
440 -Strefa serii i książki wielotomowej - forma do wyszukiwania [ ,0]
    • a
    • Tytuł (NP)
    • Kinder- und Jugendkultur, -literatur und -medien : Theorie, Geschichte, Didaktik, Find
    • x
    • ISSN (NP)
    • 1435-4721 ;
    • v
    • Numeracja (NP)
    • Band 22
080 -Uniwersalna Klasyfikacja Dziesiętna [ , ]
    • 2
    • Identyfikator wydania tablic
    • UDC-P022
    • a
    • Symbol klasyfikacji
    • 821.112.2(091)-93
    • b
    • Dopowiedzenie
    • Literatura niemiecka (historia) - literatura dla dzieci i młodzieży - opracowania krytyczne.
    • x
    • Poddział wspólny
    • =112.2
    • b
    • Dopowiedzenie
    • =język niemiecki
080 -Uniwersalna Klasyfikacja Dziesiętna [ , ]
    • 2
    • Identyfikator wydania tablic
    • UDC-P022
    • a
    • Symbol klasyfikacji
    • 82(091)-93
    • b
    • Dopowiedzenie
    • Historia literatury - literatura dla dzieci i młodzieży - opracowania krytyczne.
    • x
    • Poddział wspólny
    • =112.2
    • b
    • Dopowiedzenie
    • =język niemiecki
980 -Symbol UKD [ , ]
    • a
    • UKD
    • 821.112.2(091)-93+82(091)-93]=112.2
920 -ISBN [ , ]
    • a
    • ISBN
    • 3-631-50644-9 Find
Data inwentaryzacji Lokalizacja Numer inwentarzowy Sygnatura Status udost.
2006-05-15BMG.18275GERM. Literatura dziecięca 091